书目信息 |
| 题名: |
Windows XP超级技巧1000例
|
|
| 作者: | 肖四发 , 印德彬 , 郭萍 编著 | |
| 分册: | ||
| 出版信息: | 北京 电子工业出版社 2006.01 |
|
| 页数: | 313页 | |
| 开本: | 26cm | |
| 丛书名: | ||
| 单 册: | ||
| 中图分类: | TP316.86 | |
| 科图分类: | ||
| 主题词: | 网络操作系统--wang luo cao zuo xi tong | |
| 电子资源: | ||
| ISBN: | 7-121-02141-2 | |
| 000 | 00937nam0 2200253 450 | |
| 001 | 012006144427 | |
| 005 | 20060919090155.50 | |
| 010 | @a7-121-02141-2@dCNY28.00 | |
| 100 | @a20060617d2006 km y0chiy0120 ea | |
| 101 | 0 | @achi |
| 102 | @aCN@b110000 | |
| 105 | @aa z 000yy | |
| 200 | 1 | @aWindows XP超级技巧1000例@AWindows XP chao ji ji qiao 1000 li@f郭萍, 肖四发, 印德彬编著@Fguo ping,xiao si fa,yin de bin bian zhu |
| 210 | @a北京@c电子工业出版社@d2006.01 | |
| 215 | @a313页@c图@d26cm | |
| 330 | @a本书主要通过1000个技巧实例,介绍如何使WindowsXP减少资源消耗、提高运行速度、挖掘硬件潜力、增强软件功能、实现性能优化、体现个性特色、保证系统安全。 | |
| 606 | 0 | @a网络操作系统@Awang luo cao zuo xi tong |
| 610 | 0 | @aWindows XP |
| 690 | @aTP316.86@v4 | |
| 701 | 0 | @a肖四发@Axiao si fa@4编著 |
| 701 | 0 | @a印德彬@Ayin de bin@4编著 |
| 701 | 0 | @a郭萍@Aguo ping@4编著 |
| 801 | 0 | @aCN@bQSSK@c20060919 |
| 905 | @a10447@dTP316.86@eG822 | |
| Windows XP超级技巧1000例/郭萍, 肖四发, 印德彬编著.-北京:电子工业出版社,2006.01 |
| 313页:图;26cm |
| ISBN 7-121-02141-2:CNY28.00 |
| 本书主要通过1000个技巧实例,介绍如何使WindowsXP减少资源消耗、提高运行速度、挖掘硬件潜力、增强软件功能、实现性能优化、体现个性特色、保证系统安全。 |
| ● |
| 相关链接 |
|
|
|
正题名:Windows XP超级技巧1000例
索取号:TP316.86/G822
 
预约/预借
| 序号 | 登录号 | 条形码 | 馆藏地/架位号 | 状态 | 备注 |
| 1 | 588717 | 205887174 | 自科二线504/504自科库 30排3列4层/ [索取号:TP316.86/G822] | 在馆 | |
| 2 | 588718 | 205887183 | 自科二线404/301自科库 55排5列3层/ [索取号:TP316.86/G822] | 在馆 | |
| 3 | 588719 | 205887192 | 自科二线504/504自科库 30排3列4层/ [索取号:TP316.86/G822] | 在馆 |